000 00368nam a2200145Ia 4500
008 240624s9999 xx 000 0 und d
041 _aeng
082 _a658.472 SHA
100 _aSHARDA RAMESH
245 _aBUSINESS INTELLIGENCE A MANAGERIAL PERSP
250 _a(3rd ed.)
260 _c2014
_aNew Delhi
_bPearson
300 _axxiv, 386 p.; 27 cm.
365 _c
_b28
999 _c29778
_d29778